Apogeo y decadencia de los estudios culturales. Una visión antropológica

Guardat en:
Dades bibliogràfiques
Autor principal: Reynoso, Carlos (Autor)
Format: Llibre
Idioma:espanyol
Publicat: Barcelona Gedisa 2000
Edició:1a. ed
Matèries:
Etiquetes: Afegir etiqueta
Sense etiquetes, Sigues el primer a etiquetar aquest registre!

MARC

LEADER 00000nam a2200000 a 4500
001 UCI5377
003 CL-VaPUC
008 080328e20000000SP |||||||||||||||||spa|d
020 |a 8474328055 
082 0 4 |a 306.01  |b REY  |2 21 
100 0 |a Reynoso, Carlos  |e author  |9 527704 
245 1 0 |a Apogeo y decadencia de los estudios culturales. Una visión antropológica 
250 |a 1a. ed 
300 |a 335 p 
942 |c BK 
945 |d 20080328 00:00:00  |a rbrito 
260 |a Barcelona  |b Gedisa  |c 2000 
650 0 |a Cultura  |9 269059 
650 0 |a Demografía   |9 260008 
650 0 |a Antropología cultural   |9 269905 
583 |a last modification  |c 20080328 00:00:00  |k Rodrigo Vera 
999 |c 329128  |d 329126 
952 |0 0  |1 0  |4 0  |6 306_010000000000000_REY_2000  |7 0  |8 A  |9 413463  |a BIBEDU  |b BIBEDU  |d 2019-11-22  |i 4418743  |o 306.01 REY 2000  |p 4418743  |r 2019-11-22  |w 2019-11-22  |y BK  |k FIL